LEADER 01400nam a2200289 a 4500 001 000000144034 003 CaOOAMICUS 005 20150612093428.0 008 150612m19771978it u000 u ita r 040 $aPUL$bita 130 0 $aBiblia.$pV.T.$pPsalmi.$lItaliano.$0(OLS)http://pul/title/3209 245 10$aSalmi /$cversione, introduzione, note di Angelo Lancellotti. 260 $aRoma :$bPaoline,$c1977-78. 300 $a2 v. ;$c18 cm 490 1 $aNuovissima versione della Bibbia dai testi originali ;$v18 505 0 $aV. 1. Introduzione generale. Libro I: 1-41. -- v. 2. Libro II: 42-72. Libro III: 73-89. 630 04$aBiblia.$pV.T.$pPsalmi$xCritica e interpretazione.$0(OLS)http://pul/subject/633 700 1 $aLancellotti, Angelo,$cO.F.M.$0(OLS)http://pul/name/9288 830 0$aNuovissima versione della Bibbia dai testi originali ;$v18.$0(OLS)http://pul/title/10489 850 $aPUL 852 $aPUL$W1$xDP1 Fondo S. Lanza$y121$m3 B 93.18.1$j166087$av. 1$qFondi$B166589$CPULBib$Z2$F166589 $HLan489 $82 852 $aPUL$W1$xDP1 Fondo S. Lanza$y121$m3 B 93.18.2$j166088$av. 2$qFondi$B166590$CPULBib$Z2$F166590 $HLan490 $82 941 1 $a1 961 $aNota ms. di possesso: Sergio Lanza 996 $6245$aSalmi$9(OLS)http://pul/title/42577 996 $6260$aRoma :$bPaoline$9(OLS)http://pul/publisher/50842 LEADER 01303nam a2200325 a 4500 001 000000166048 003 CaOOAMICUS 005 20180219113415.0 008 180219s2012 it u000 u ita r 020 $a978-88-420-8948-3* 032 $aLibriCat 040 $aPUL$bita 082 04$a302.23 100 1 $aRicheri, Giuseppe.$0(OLS)http://pul/name/107045 245 10$aEconomia dei media /$cGiuseppe Richeri. 260 $aRoma ;$aBari :$bLaterza,$c©2012. 300 $a219 p. ;$c21 cm. 490 1 $aLibri del tempo (Laterza) ;$v463 504 $aBibliografia in nota a pič pagina. 650 4$aMass media$xAspetti sociali.$0(OLS)http://pul/subject/36496 650 4$aComunicazione$xStudi.$0(OLS)http://pul/subject/5409 830 0$aLibri del tempo (Laterza) ;$v463.$0(OLS)http://pul/title/7260 850 $aPUL 852 $aPUL$W1$xSL Diritto e Scienze Sociali 3$y79$m302. 23 RICGI 1$j190564$qDDC 21$B193453$CPULBib$Z2$F193453 $H130523 $81 941 1 $a9 996 $6020$a978-88-420-8948-3*$9(OLS)http://pul/number/163544 996 $6082$a302.23$9(OLS)http://pul/classification/1682 996 $6245$aEconomia dei media$9(OLS)http://pul/title/205758 996 $6260$aRoma ;$aBari :$bLaterza$9(OLS)http://pul/publisher/57682